The tail of the dragon : a novel / Robert L. Wise ... Read More
Available copies
- 2 of 2 copies available at LARL/NWRL Consortium.
- 2 of 2 copies available at Northwest Regional Library. (Show preferred library)
Current holds
0 current holds with 2 total copies.
Show Only Available Copies
| Location | Call Number / Copy Notes | Barcode | Shelving Location | Status | Due Date |
|---|---|---|---|---|---|
| Greenbush Public Library | WIS (Text) | 35500003377056 | Main | Available | - |
| Roseau Public Library | WIS (Text) | 35500004645618 | Main | Available | - |
Record details
- ISBN: 0785269835 (pbk.)
- Physical Description: x, 271 p. ; 21 cm.
- Publisher: Nashville : Thomas Nelson, 2000.
Content descriptions
| General Note: | "A Janet Thoma book." |
Search for related items by subject
| Subject: | Political corruption > Fiction. Nuclear power plants > Fiction. Conspiracies > Fiction. |
| Genre: | Christian fiction. Political fiction. |
| LDR | 01136nam a2200313 a 4500 | ||
|---|---|---|---|
| 001 | 51804 | ||
| 003 | LARL_NWRL_CONSORTIUM | ||
| 005 | 20010622102341.0 | ||
| 008 | 990924s2000 tnu 000 1 eng | ||
| 010 | . | ‡a99047929 | |
| 020 | . | ‡a0785269835 (pbk.) | |
| 035 | 0 | 0. | ‡ilcmarc/AYD-2241/NWRLTECH |
| 040 | . | ‡aDLC ‡cDLC ‡dDLC | |
| 043 | . | ‡an-us--- | |
| 082 | 0 | 0. | ‡a813/.54 ‡221 |
| 099 | . | ‡aWIS | |
| 100 | 1 | . | ‡aWise, Robert L. ‡0(LARL_NWRL_CONSORTIUM)65753 |
| 245 | 1 | 4. | ‡aThe tail of the dragon : ‡ba novel / ‡cRobert L. Wise & William Louis Wilson, Jr. |
| 260 | . | ‡aNashville : ‡bThomas Nelson, ‡c2000. | |
| 300 | . | ‡ax, 271 p. ; ‡c21 cm. | |
| 500 | . | ‡a"A Janet Thoma book." | |
| 650 | 0. | ‡aPolitical corruption ‡vFiction. ‡0(LARL_NWRL_CONSORTIUM)166539 | |
| 650 | 0. | ‡aNuclear power plants ‡vFiction. | |
| 650 | 0. | ‡aConspiracies ‡vFiction. ‡0(LARL_NWRL_CONSORTIUM)164235 | |
| 655 | 7. | ‡aChristian fiction. ‡2gsafd | |
| 655 | 0. | ‡aPolitical fiction. | |
| 700 | 1 | . | ‡aWilson, William Louis. ‡0(LARL_NWRL_CONSORTIUM)130060 |
| 901 | . | ‡a51804 ‡bISxN ‡c51804 ‡tbiblio | |

Add to basket
Permalink
Enable Highlighting